Priame zahraničné investície a ich vplyv na zamestnanosť v Slovenskej republike
Vplyv priamych zahraničných investícií na vývoj zamestnanosti v podmienkach Slovenskej republiky. Efekty a riziká investičných stimulov.
Salvato in:
| Autore principale: | |
|---|---|
| Altri autori: | |
| Natura: | Capitolo di libro |
| Lingua: | slovacco |
| Soggetti: | |
| Tags: |
Nessun Tag, puoi essere il primo ad aggiungerne!!
|
MARC
| LEADER | 00000naa a2200000 4500 | ||
|---|---|---|---|
| 001 | 0161309 | ||
| 005 | 20240502072811.3 | ||
| 041 | 0 | |a slo | |
| 044 | |a SK | ||
| 245 | 1 | 0 | |a Priame zahraničné investície a ich vplyv na zamestnanosť v Slovenskej republike |c Veronika Piovarčiová, Marta Martincová |
| 520 | |a Vplyv priamych zahraničných investícií na vývoj zamestnanosti v podmienkach Slovenskej republiky. Efekty a riziká investičných stimulov. | ||
| 610 | 2 | 0 | |a Slovensko |
| 610 | 2 | 0 | |a zamestnanosť |
| 610 | 2 | 0 | |a investície priame zahraničné |
| 610 | 2 | 0 | |a politika hospodárska |
| 610 | 2 | 0 | |a trh práce |
| 610 | 2 | 0 | |a stratégia investičná |
| 100 | 1 | |a Piovarčiová, Veronika, 1951- | |
| 700 | 1 | |a Martincová, Marta, 1955- | |